000 00932nam a2200253 a 4500
001 59875
003 BD-RjUL
005 20211209080758.0
008 161227s1984 bg ||||| |||| 00| 0 ben d
020 _c: TK. 35.00 ($. 4.00)
035 _a(BD-RjUL) 59999
040 _aBD-RjUL
_bben
_cBD-RjUL
041 _aben
041 _aeng
082 _223
_a374.007
_bLAU 1984
100 1 _aলতিফ, আবু হামিদ
_9178139
245 1 0 _aউপানুষ্ঠানিক শিক্ষা ও সমাজ শিক্ষা /
_cআবু হামিদ লতিফ
260 _aঢাকা :
_bবাংলা একডেমী,
_c১৯৮০
300 _a১৮৩ ‍পৃ. ;
_c২১ সেমি.
500 _aপরিশিষ্ট সংযুক্ত
650 _aউপানুষ্ঠানিক শিক্ষা
_9179739
650 _aNon-formal Education
_9179740
942 _2ddc
_cBK
999 _c59875
_d59875